Zabudnutá dôvera ?
V júni sa v Istanbule uskutočnil Svetový kongres Medzinárodne Public relations Asociácie na tému: Komunikácia: Udržateľná cesta k dôvere. Kríza dôvery u nás i v EÚ. Niekoľko rád obchodným spoločnostiam, konzultantom PR a médiám, ako si získať dôveru verejnosti.
Salvato in:
| Autore principale: | |
|---|---|
| Natura: | Capitolo di libro |
| Lingua: | slovacco |
| Soggetti: | |
| Tags: |
Nessun Tag, puoi essere il primo ad aggiungerne!!
|
MARC
| LEADER | 00000naa$a2200000$$$4500 | ||
|---|---|---|---|
| 001 | 0033395 | ||
| 005 | 20231107123645.1 | ||
| 041 | 0 | |a slo | |
| 044 | |a SK | ||
| 245 | 1 | 0 | |a Zabudnutá dôvera ? |c Diana Dobrucká |
| 520 | |a V júni sa v Istanbule uskutočnil Svetový kongres Medzinárodne Public relations Asociácie na tému: Komunikácia: Udržateľná cesta k dôvere. Kríza dôvery u nás i v EÚ. Niekoľko rád obchodným spoločnostiam, konzultantom PR a médiám, ako si získať dôveru verejnosti. | ||
| 610 | 2 | 0 | |a inštitúcia |
| 610 | 2 | 0 | |a vzťahy neformálne |
| 610 | 2 | 0 | |a vzťahy medziľudské |
| 610 | 2 | 0 | |a osobnosť |
| 610 | 2 | 0 | |a správanie |
| 610 | 2 | 0 | |a spoločnosť globálna |
| 100 | 1 | |a Dobrucká, Diana | |